000 00598nam a2200169 u 4500
001 000036161
005 20200930074925.0
008 111221s1955 ve r 000 0 spa d
040 _aDO-SdBNP
_bspa
_cBNPHU
082 _axxxx
_bxxxx
100 1 _aRatto Ciarlo, José
_962200
245 1 3 _aLa utopia del reino de Dios :
_bel hombre antiguo en busca de un estado ideal /
_cJosé Ratto Ciarlo.
260 _aCaracas :
_bEdiciones Garrrido,
_c1955.
300 _a416 p. ;
_c24 cm.
590 _aPerteneció a la biblioteca personal de Juan Isidro Jimenes Grullón
504 _aBibliografía : p. 399- 416
999 _c35652
_d35652